000 00384nam a2200169Ia 4500
001 5369
003 IN-NITTTR
005 20251114233008.0
008 251113s9999||||xx |||||||||||||| ||eng||
040 _beng
040 _cIN-NITTTR
041 _aeng
082 _a294.5923 S 16 M
100 _aSubramaniam, Kamala
245 0 _aMahabharata /
_cSubramaniam, Kamala
942 _2ddc
_cBK
999 _c8005
_d8005